000 01214nam a22003497a 4500
003 CHAP
005 20220329140931.0
008 971013s1995 r 00010 d
010 _a60021
011 _a60993
035 _a65157
040 _cCHAP
090 _aTesis
100 0 0 _aGarza Juárez, Hilarion.
_947086
245 _aAnálisis de viabilidad financiera de una granja para producir pollo en engorda
260 _aMarín, N. L. :
_bEl autor,
_c1995
300 _a40 p.
502 _aTesis (Ing. Agr. Zootecnista) -- Universidad Autónoma de Nuevo León. Facultad de Agronomía
590 _aALEPH
_b10
_c20130110
_lUCH01
_h1338
590 _aBATCH-UPD
_b10
_c20130110
_lUCH01
_h1739
590 _aBATCH-UPD
_b10
_c20130410
_lUCH01
_h1118
590 _aBATCH-UPD
_b10
_c20130914
_lUCH01
_h0447
590 _aBATCH-UPD
_b10
_c20130914
_lUCH01
_h2116
590 _aCONVERSION
_b10
_c20130109
_lUCH01
_h1332
650 1 4 _aAves de corral
_xCostos de producción.
_98641
650 1 4 _aAvicultura
_xAspectos económicos.
_98707
650 1 4 _aGranjas avícolas.
_950400
650 1 4 _aPolítica avícola
_xNuevo León.
_990441
901 _aBK
942 _cTESIS
949 _bBC
_cTES
_d-144315
_eTS1
_h28287
_i65157
_si
999 _c60021
_d60021